书目信息 |
| 题名: |
建筑结构CAD技术基础
|
|
| 作者: | 任爱珠等编著 | |
| 分册: | ||
| 出版信息: | 北京 清华大学出版社 1996.04 |
|
| 页数: | 392页 | |
| 开本: | 16开 | |
| 丛书名: | ||
| 单 册: | ||
| 中图分类: | TU311.41 | |
| 科图分类: | ||
| 主题词: | ||
| 电子资源: | ||
| ISBN: | 7-302-02094-9 | |
| 000 | 00506nam0 2200157 45 | |
| 001 | 0199005964 | |
| 005 | 20120408135204.95 | |
| 010 | @a7-302-02094-9@dCNY24.50 | |
| 100 | @a19990804d km y0chiy0120 ea | |
| 101 | 0 | @achi |
| 200 | 1 | @AJIAN ZHU JIE GOU CAD JI SHU JI CHU@FREN AI ZHU DENG BIAN ZHU@a建筑结构CAD技术基础@f任爱珠等编著 |
| 210 | @a北京@c清华大学出版社@d1996.04 | |
| 215 | @a392页@c无图表@d16开 | |
| 690 | @aTU311.41 | |
| 801 | 0 | @aCN@b大连网信软件有限公司图书馆·11@c20120408 |
| 905 | @dTU311.41@eR025@f3 | |
| 建筑结构CAD技术基础/任爱珠等编著.-北京:清华大学出版社,1996.04 |
| 392页:无图表;16开 |
| ISBN 7-302-02094-9:CNY24.50 |
| ● |
| 相关链接 |
|
|
|
正题名:建筑结构CAD技术基础
索取号:TU311.41/R025
 
预约/预借
| 序号 | 登录号 | 条形码 | 馆藏地/架位号 | 状态 | 备注 |
| 1 | 26447 | 200119362 | 自科二线404/404自科库 27排3列4层/ [索取号:TU311.41/R025] | 在馆 | |
| 2 | 26448 | 200121796 | 自科二线404/404自科库 28排1列2层/ [索取号:TU311.41/R025] | 在馆 | |
| 3 | 26449 | 200123393 | 自科二线404/404自科库 28排3列3层/ [索取号:TU311.41/R025] | 在馆 | |
| 4 | 43897 | 200438972 | 自科二线404/404自科库 28排1列2层/ [索取号:TU311.41/R025] | 在馆 | |
| 5 | 43898 | 200438981 | 自科二线404/404自科库 28排4列3层/ [索取号:TU311.41/R025] | 在馆 | |
| 6 | 43899 | 200438990 | 自科二线404/404自科库 28排3列3层/ [索取号:TU311.41/R025] | 在馆 | |
| 7 | 485488 | 204854880 | 土木与交通工程学院资料室/ [索取号:TU311.41/R025] | 在馆 | |
| 8 | 61209 | 200612097 | 自科二线504/504自科库 2排4列3层/ [索取号:TU311.41/R025] | 在馆 | |
| 9 | 61210 | 200612104 | 自科二线404/404自科库 28排1列3层/ [索取号:TU311.41/R025] | 在馆 | |
| 10 | 61211 | 200612113 | 自科二线404/404自科库 28排3列3层/ [索取号:TU311.41/R025] | 在馆 | |
| 11 | 61212 | 200612122 | 能源与建筑环境工程学院资料室/404自科库 28排1列2层/ [索取号:TU311.41/R025] | 在馆 | |
| 12 | 61213 | 200612131 | 能源与建筑环境工程学院资料室/404自科库 28排1列2层/ [索取号:TU311.41/R025] | 在馆 | |
| 13 | 61214 | 200612140 | 自科二线404/101建筑库 41排4列3层/ [索取号:TU311.41/R025] | 在馆 | |
| 14 | 61215 | 200612159 | 能源与建筑环境工程学院资料室/404自科库 28排1列2层/ [索取号:TU311.41/R025] | 在馆 | |
| 15 | 61216 | 200612168 | 建筑库101/101建筑库 79排1列4层/ [索取号:TU311.41/R025] | 在馆 | |
| 16 | 61217 | 200612177 | 自科二线404/404自科库 28排4列3层/ [索取号:TU311.41/R025] | 在馆 | |
| 17 | 61218 | 200612186 | 能源与建筑环境工程学院资料室/404自科库 28排1列2层/ [索取号:TU311.41/R025] | 在馆 | |
| 18 | 61219 | 200612195 | 自科二线404/404自科库 28排4列3层/ [索取号:TU311.41/R025] | 在馆 | |
| 19 | 61220 | 200612202 | 建筑库101/101建筑库 79排1列4层/ [索取号:TU311.41/R025] | 在馆 | |
| 20 | 61221 | 200612211 | 自科二线404/404自科库 28排1列2层/ [索取号:TU311.41/R025] | 在馆 | |
| 21 | 61222 | 200612220 | 能源与建筑环境工程学院资料室/404自科库 28排1列2层/ [索取号:TU311.41/R025] | 在馆 | |
| 22 | 61223 | 200612239 | 自科二线404/404自科库 28排4列3层/ [索取号:TU311.41/R025] | 在馆 | |
| 23 | 61224 | 200612248 | 建筑库101/101建筑库 79排1列4层/ [索取号:TU311.41/R025] | 在馆 | |
| 24 | 61225 | 200612257 | 能源与建筑环境工程学院资料室/404自科库 28排1列2层/ [索取号:TU311.41/R025] | 在馆 | |
| 25 | 61226 | 200612266 | 自科二线404/404自科库 28排3列3层/ [索取号:TU311.41/R025] | 在馆 | |
| 26 | 61227 | 200612275 | 能源与建筑环境工程学院资料室/404自科库 28排1列2层/ [索取号:TU311.41/R025] | 在馆 | |
| 27 | 61228 | 200612284 | 能源与建筑环境工程学院资料室/404自科库 28排1列2层/ [索取号:TU311.41/R025] | 在馆 |